000 00278nam a2200109Ia 4500
008 221009s9999 xx 000 0 und d
082 _a300
100 _aJoshi,Prasoon
_981338
245 0 _aThinking Aloud Ref;ectopms On Emerging India
260 _bRupa Publication
942 _cBK
999 _c64973
_d64973